Kształty państw na mapie świata #5 - Statystyki

Ogólne statystyki
  • Ten quiz został rozwiązany 14 613 razy
  • Średni wynik to 17 z 20
Odpowiedzi na mapie
Odpowiedzi zakodowano w zielono-czerwonej skali na mapie do tego quizu, zgodnie z poniższymi procentami.
 
Statystyki odpowiedzi
Państwo % Poprawnych
Rosja
100%
Niemcy
99%
Wielka Brytania
98%
Indie
96%
Republika Południowej Afryki
94%
Węgry
94%
Bośnia i Hercegowina
91%
Kolumbia
89%
Urugwaj
86%
Sudan
83%
Zjednoczone Emiraty Arabskie
81%
Afganistan
80%
Mjanma
77%
Jordania
76%
Surinam
76%
Mali
75%
Gwatemala
70%
Zambia
66%
Ghana
65%
Kiribati
62%
Nie znaleziono quizów pasujących do podanych kryteriów
Rozkład punktacji
Procent ludzi z każdym wynikiem
Percentyl według liczby udzielonych odpowiedzi
Twoja historia wyników
Nie rozwiązałeś tego quizu